La deuda externa venezolana o la ilegalidad de una deuda

Enregistré dans:
Détails bibliographiques
Format: Texte
Sujets:
Tags: Ajouter un tag
Pas de tags, Soyez le premier à ajouter un tag!

MARC

LEADER 00000 a a2200000 04500
001 45628
003
040
245 |a La deuda externa venezolana o la ilegalidad de una deuda  
500 |a Antes se llamaba: ALAI SERVICIO MENSUAL DE INFORMACION Y DOCUMENTACION  
650 |a POLITICA INTERNACIONAL  
650 |a DEUDA EXTERNA  
650 |a VENEZUELA  
650 |a CARIBE  
773 |g volumen12, número103 (Mayo, 1988), Págs. 23-24  
999 |c 33622  |d 33622